| 000 | 00500nam a22001697a 4500 | ||
|---|---|---|---|
| 003 | NUST - PNEC | ||
| 005 | 20170116181004.0 | ||
| 008 | 150912b xxu||||| |||| 00| 0 eng d | ||
| 020 | _a0471638471 | ||
| 040 | _cLIBRARY | ||
| 082 | _a004.56 BOS | ||
| 100 |
_99703 _aBosshardt, Chris A. |
||
| 245 |
_aHard disk smarts : Everything you need to choose and use your hard disk _cChris A. Bosshardt |
||
| 260 | _cc.1988 | ||
| 650 |
_99705 _aFile organization (Computer science) _xMIS |
||
| 942 |
_2ddc _cBK |
||
| 999 |
_c66822 _d66822 |
||